| 000 | 00353nam a2200145Ia 4500 | ||
|---|---|---|---|
| 008 | 230917s9999||||xx |||||||||||||| ||und|| | ||
| 040 |
_e97173 _aMAIN |
||
| 041 | _aEnglish | ||
| 082 | _a973.3 W931F | ||
| 100 | _aWright, Esmond | ||
| 245 | 0 | _aFabric of freedom 1763-1800 | |
| 260 |
_aLondon _bMacmillan _c1965 |
||
| 300 | _axiii, 298 p. | ||
| 942 | _cBK | ||
| 999 |
_c184305 _d184305 |
||